| 000 | 00420nam a22001217a 4500 | ||
|---|---|---|---|
| 082 | _aBESE-1 FAI | ||
| 100 |
_aFaizan Ahmed _915302 |
||
| 245 | _aChurn prediction model for Pakistan telecom company using machine learning | ||
| 260 |
_aNUST SEECS Islamabad _bNUST SEECS Islamabad _c2014 |
||
| 500 | _aSupervisor ;DR Ali Mustafa Qamar | ||
| 856 | _uhttp://10.250.8.41:8080/xmlui/handle/123456789/7980 | ||
| 942 |
_cBK _2ddc |
||
| 999 |
_c12980 _d12980 |
||